| 000 | 02624nam0a2200385 4500 | ||
|---|---|---|---|
| 001 | RU\NLR\BIBL_A\011795585 | ||
| 005 | 20230209092139.0 | ||
| 010 |
_a978-5-86433-742-4 _9500 |
||
| 021 |
_aRU _bКН-П-18-060358 _9КН-П-18-4341 |
||
| 035 | _a(NLR Aleph) 011795585 | ||
| 035 | _a(RuMoRGB)009715450 | ||
| 090 |
_a11845252 _c11845252 |
||
| 100 | _a20180920d2018 k y0rusy50 ca | ||
| 101 | 0 | _arus | |
| 102 | _aRU | ||
| 105 | _aab||z|||000zy | ||
| 200 | 1 |
_aУправление инновациями в лесопромышленном комплексе: проблемы и перспективы _eмонография _f[Ю. А. Безруких, И. И. Ивакина, В. О. Мамматов и др.] _gпод общей редакцией кандидата экономических наук, доцента Ю. А. Безруких, кандидата экономических наук, доцента Е. В. Мельниковой _gМинистерство образования и науки Российской Федерации, Сибирский государственный университет науки и технологий имени академика М. Ф. Решетнева |
|
| 210 |
_aКрасноярск _cредакционно-издательский отдел СибГУ им. М. Ф. Решетнева _d2018 |
||
| 215 |
_a186, [1] с. _cил., карт., табл. _d21 |
||
| 300 | _aНа с. 186-187 авт.: Безруких Ю.А., доц., к.э.н., Ивакина И.И., доц., к.п.н., Мамматов В.О. [и др.] | ||
| 300 | _aАвт. указаны на обороте тит. л. | ||
| 320 | _aБиблиогр.: с. 157-169 (134 назв.) и в конце гл. | ||
| 606 | 1 |
_aЛесопромышленные комплексы _xИнновационная деятельность _yРоссийская Федерация _2nlr_sh2 _3RU\NLR\AUTH\661581523 |
|
| 686 | 1 | _aУ34(2)1-434(2Р) | |
| 686 | 1 | _aУ34(2)1-55(2Р) | |
| 701 | 1 |
_aБезруких _bЮ. А. _gЮлия Александровна |
|
| 701 | 1 |
_aИвакина _bИ. И. _gИраида Ивановна |
|
| 701 | 1 |
_aМамматов _bВ. О. _gВладимир Олимбаевич |
|
| 712 | 0 | 2 |
_aСибирский государственный университет науки и технологий им. М. Ф. Решетнева _cКрасноярск _3RU\NLR\AUTH\880453737 _4475 |
| 942 | _cBOOK | ||
| 980 | _aNBR | ||
| 980 | _aNB | ||